00361nam a2200109Ia 4500008004100000082000800041100002000049245006600069942000600135952009500141999001500236240331s9999 xx 000 0 und d bTHI aThiruchandran,S 0aPunaivugal Ninaivugal Nijangal :b Oru Aaivunilaith Thoguppu  cL 001040708LaWERCLbWERCLcSSCd2024-03-31l0o 808 THIp6812r2024-03-31w2024-03-31yL c5815d5815